LEADER 01015nam0-2200337---450- 001 990009883140403321 005 20140715132110.0 010 $a978-88-6184-258-8 035 $a000988314 035 $aFED01000988314 035 $a(Aleph)000988314FED01 035 $a000988314 100 $a20140715d2013----km-y0itay50------ba 101 0 $aita 102 $aIT 105 $a--------001yy 200 1 $aOltre l'uomo artigiano$ecapitale sociale e condivisione delle conoscenze$fa cura di Renato Fontana 210 $aMilano$cMondadori education$d2013 215 $a210 p.$d20 cm 320 $aContiene bibl ed indice dei nomi (pp. 193 - 210) 610 0 $aLavoro$aAspetti sociali 610 0 $aSocietà dell'informazione 676 $a306.361$v22$zita 700 1$aFontana,$bRenato$f<1951- >$0135607 801 0$aIT$bUNINA$gRICA$2UNIMARC 901 $aBK 912 $a990009883140403321 952 $a306.361 FON 1$b6750$fBFS 959 $aBFS 996 $aOltre l'uomo artigiano$9829771 997 $aUNINA LEADER 01089nam0-2200361---450 001 990005757360203316 005 20190403125027.0 035 $a000575736 035 $aUSA01000575736 035 $a(ALEPH)000575736USA01 035 $a000575736 100 $a20080306d1973----|||y0itaa50------ba 101 $aeng 102 $agb 105 $a0 00||| 200 1 $aFrench tragic drama in the Sixteenth and Seventeenth Centuries$fGeoffrey Brereton 210 $aLondon$cMethuen$d[1973] 215 $aVIII, 312 p.$d22 cm. 606 $aLetteratura drammatica francese$xSec. 16.-sec. 17.$2F 620 $dLONDON 676 $a842.3 700 1$aBRERETON,$bGeoffrey$0191528 801 0$aIT$bSA$c20111219 912 $a990005757360203316 950 0$aDipar.to di Filosofia - Salerno$dDFCC 842.3 BRE$e1799 FIL 951 $aCC 842.3 BRE$b1799 FIL 959 $aBK 969 $aFIL 979 $c20121027$lUSA01$h1526 979 $c20121027$lUSA01$h1615 996 $aFrench tragic drama in the Sixteenth and Seventeenth Centuries$91082752 997 $aUNISA NUM $aSA0025031